| 000 | 01884nam a2200385 4500 | ||
|---|---|---|---|
| 001 | 103646 | ||
| 003 | ES-MaACL | ||
| 005 | 20250514194848.0 | ||
| 007 | t| | ||
| 008 | 060426m20052009sp ||||1|dspa d | ||
| 020 | _a84-672-1455-4 (Círculo de Lectores, v.1) | ||
| 020 | _a84-8109-534-6 (Galaxia Gutenberg, v.1) | ||
| 080 | _a821.111(899)-3"19" | ||
| 100 | 1 |
_aOnetti, Juan Carlos. _987072 |
|
| 245 | 1 | 0 |
_aNovelas / _cJuan Carlos Onetti ; edición de Hortensia Campanella. |
| 246 | 3 |
_aNovelas. _nI. _nII |
|
| 260 |
_aBarcelona : _bCírculo de Lectores : _bGalaxia Gutenberg, _c[2005-2007] |
||
| 300 |
_a2 v. ; _c22 cm. |
||
| 490 | 1 |
_aObras completas ; _v1-2 |
|
| 490 | 1 | _aOpera mundi | |
| 500 | _aApéndices. | ||
| 505 | 8 |
_aContiene: 1. Novelas I (1939-1954) / _r; preámbulo de Dolly Onetti ; prólogo de Juan Villoro (XCVII, 967 p.) -- 2. Novelas II (1959-1993) / _r; prólogo de José Manuel Caballero Bonald ; postfacio de Liliana Díaz Mindurry (XXVIII, 1138 p.) |
|
| 505 | 8 |
_aContiene: 1 ; _tEl pozo ; _tTierra de nadie ; _tPara esta noche ; _tLa vida breve ; _tLos adioses - 2 ; _tPara una tumba sin nombre ; _tLa cara de la desgracia ; _tJacob y el otro ; _tEl astillero ; _tTan triste como ella ; _tJuntacadáveres ; _tLa muerte y la niña ; _tDejemos hablar al viento ; _tCuando entonces ; _tCuando ya no importe . |
|
| 700 | 1 |
_aCampanella, Hortensia. _934115 |
|
| 700 | 1 |
_aOnetti, Dolly. _987071 |
|
| 700 | 1 |
_aVilloro, Juan. _9115275 |
|
| 700 | 1 |
_aCaballero Bonald, José Manuel, _d1926-2021 _9226628 |
|
| 700 | 1 |
_aDíaz Mindurry, Liliana. _9146821 |
|
| 830 | 0 |
_aObras completas ; _v1-2 _9176447 |
|
| 830 | 0 |
_aOpera mundi _9180669 |
|
| 852 |
_aES-MaACL _9107523 _jA-11266 _bR.137313 _cDEPO1 _dOlim: N-4271 _pv.1 |
||
| 852 |
_aES-MaACL _9200483 _jA-11267 _bR.137313 _cDEPO1 _dOlim: N-4272 _pv.2 |
||
| 942 | _2udc | ||
| 999 |
_c103646 _d103646 |
||